| 000 | 01388cam a22003977a 4500 | ||
|---|---|---|---|
| 003 | CHAP | ||
| 005 | 20220329142337.0 | ||
| 008 | 000821d1999 us a r 00110 eng d | ||
| 010 | _a82064 | ||
| 011 | _a83036 | ||
| 020 | _a0306460483 | ||
| 035 | _a93544 | ||
| 040 | _cCHAP | ||
| 082 | 0 | 4 |
_a574.191 _bA7 |
| 100 | 0 | 0 |
_aArinc, Emel _eed. _97099 |
| 245 | 1 | 0 |
_aMolecular and applied aspects of oxidative drug metabolizing enzimes _c/ed. by Emel Arinc, John B. Schenkman and Ernest Hodgson |
| 260 |
_aNew York, N.Y. : _bKluwer Academic/Plenum Publishers, _c1999. |
||
| 300 |
_a294 p. : _bilus. ; gráfs. |
||
| 490 | 0 |
_aNATO ASI Series A : Life sciences _vv.303 |
|
| 590 |
_aBATCH-UPD _b10 _c20130109 _lUCH01 _h2336 |
||
| 590 |
_aBATCH-UPD _b10 _c20130110 _lUCH01 _h0433 |
||
| 590 |
_aBATCH-UPD _b10 _c20130410 _lUCH01 _h0109 |
||
| 590 |
_aBATCH-UPD _b10 _c20130914 _lUCH01 _h0355 |
||
| 590 |
_aCONVERSION _b10 _c20130109 _lUCH01 _h1346 |
||
| 650 | 1 | 4 |
_aBiofísica. _912735 |
| 650 | 1 | 4 |
_aCitología. _923489 |
| 650 | 1 | 4 |
_aDinámica molecular. _932630 |
| 650 | 1 | 4 |
_aEnzimas. _937195 |
| 700 | 0 |
_aHodgson, Ernest. _955750 |
|
| 700 | 0 |
_aSchenkman, John B. _9102969 |
|
| 830 | 0 |
_aNATO ASI Series A : Life sciences _vv.303 _980398 |
|
| 901 | _aBK | ||
| 905 | _aMayto Villalobos S. | ||
| 942 | _cLIBRO | ||
| 949 |
_a574.191 A7 _bBC _cLIBRO _d33724000784799 _eLIBRO _gI.205560 _h98225 _i93544 _si _t$1.670.00 |
||
| 999 |
_c82064 _d82064 |
||